00683nam a2200241 a 4500001001300000003000900013005001700022008004100039020001100080082001600091100002700107245002100134260004200155300000800197500003500205505001000240650002200250700002700272902000800299942000700307952011200314999001500426nice12345678IN_TiNIC20260116011931.0050524s1959 alia grp 000 0 urd  ac0.7500a891.41bFIR aFiraq, Raghupati Sahai aIntekhab-E-Kalam aAligarhbAnjuman Taraqqi-E-Urduc1959 a64p aincludes index and biblioraphy2 aNotes aUrdu-Poetry-firaq1 aFiraq, Raghupati Sahai bSRS cBK 001040708StackRoom-aHMIbHMId2007-06-19g0.75l0o891.41 FIRp09626r2007-06-19v0.75w2005-05-24yBK c4957d4957